Finanse publiczne

Na minha lista:
Detalhes bibliográficos
Formato: Livro
Idioma:polonês
Publicado em: Warszawa Wydawnictwo Naukowe PWN 1999
Assuntos:
Tags: Adicionar Tag
Sem tags, seja o primeiro a adicionar uma tag!

MARC

LEADER 00000nam a2200000 4500
001 c122038
005 20221221082352.6
020 |a 83-01-11792-3 
041 0 |a pol 
044 |a PL 
245 1 0 |a Finanse publiczne 
264 1 |a Warszawa  |b Wydawnictwo Naukowe PWN  |c 1999 
300 |a 205 s. 
610 2 0 |a financie verejné 
610 2 0 |a politika finančná 
610 2 0 |a príjmy 
610 2 0 |a výdavky 
610 2 0 |a rozpočtovanie 
610 2 0 |a rozpočet štátny 
610 2 0 |a dane 
610 2 0 |a samospráva regionálna 
610 2 0 |a regióny 
610 2 0 |a obce 
610 2 0 |a zabezpečenie sociálne 
610 2 0 |a politika peňažná 
610 2 0 |a Poľsko